Normal view
MARC view
- كنعان، نواف
Entry Personal Name
001 - CONTROL NUMBER
- control field: 46872
003 - CONTROL NUMBER IDENTIFIER
- control field: JO-AjAnu
005 - DATE AND TIME OF LATEST TRANSACTION
- control field: 20230606081737.0
008 - FIXED-LENGTH DATA ELEMENTS
- fixed length control field: 230606|| aca||aabn | a|a d
040 ## - CATALOGING SOURCE
- Original cataloging agency: JO-AjAnu
- Transcribing agency: JO-AjAnu
100 ## - HEADING--PERSONAL NAME
- Personal name: كنعان، نواف
670 ## - SOURCE DATA FOUND
- Source citation: Work cat.: (JO-AjAnu)23990: كنعان، نواف, author, القضاء الاداري في الاردن